Commonest Colors - Statistics

General Stats
  • This quiz has been taken 54 times
  • The average score is 6 of 10
Answer Stats
hits color % Correct
12.23 b blue
100%
11.76 b green
95%
11.02 b white
81%
10.20 b black
74%
8.86 b red
74%
6.96 b brown
56%
5.08 b orange
49%
4.59 b yellow
44%
0.19 b violet
21%
0.14 b indigo
19%
No matching quizzes found
Score Distribution
Percent of People with Each Score
Percentile by Number Answered
Your Score History
You have not taken this quiz